NLSUI OPAC header image

Handbook of Indian politics (Record no. 36962)

MARC details
000 -LEADER
fixed length control field 01986nam a2200217Ia 4500
003 - CONTROL NUMBER IDENTIFIER
control field OSt
005 - DATE AND TIME OF LATEST TRANSACTION
control field 20210405105437.0
008 - FIXED-LENGTH DATA ELEMENTS--GENERAL INFORMATION
fixed length control field 160316s2013 xxu||||| |||| 00| 0 eng d
020 ## - INTERNATIONAL STANDARD BOOK NUMBER
International Standard Book Number 9780203075906
040 ## - CATALOGING SOURCE
Transcribing agency n
082 ## - DEWEY DECIMAL CLASSIFICATION NUMBER
Classification number 320.954000
Item number KOH
100 ## - MAIN ENTRY--PERSONAL NAME
Personal name Kohli Arul
245 ## - TITLE STATEMENT
Title Handbook of Indian politics
260 ## - PUBLICATION, DISTRIBUTION, ETC.
Place of publication, distribution, etc. London
Name of publisher, distributor, etc. Routledge
Date of publication, distribution, etc. 2013
300 ## - PHYSICAL DESCRIPTION
Extent 393p
Dimensions xi
365 ## - TRADE PRICE
Price amount Rs. 14,084
505 ## - FORMATTED CONTENTS NOTE
Formatted contents note Table of contents<br/>Prelims; <br/>Chapter 1: Introduction; <br/>Chapter 2: The historical inheritance of India's democracy;<br/>Chapter 3: Gandhi's India, the world's Gandhi;<br/>Chapter 4: Nehru and his legacy:<br/>Chapter 5: India's minority leaders:<br/>Chapter 6: Panchayat Raj institutions;<br/>Chapter 7: The changing fortunes of the Bharatiya Janata Party;<br/>Chapter 8: Regional and caste parties;<br/>Chapter 9: Caste and political parties in India;<br/>Chapter 10: Dalit politics;<br/>Chapter 11: Class politics in India;<br/>Chapter 12: Reservations;<br/>Chapter 13: The State amd civil Society in communal violence;<br/>Chapter 14: Insurgencies in India;<br/>Chapter 15: People's movements in India;<br/>Chapter 16: India's economic development;<br/>Chapter 17: The state and the capitalist class in India;<br/>Chapter 18: Politics and redistribution in India;<br/>Chapter 19: Corruption in India;<br/>Chapter 20: Public goods provision and social development in India;<br/>Chapter 21: Labor regulation, trade unions, and unemployment;<br/>Chapter 22: Uttar Pradesh;<br/>Chapter 23: Kerala in comparative perspective;<br/>Chapter 24: Tamil Nadu;<br/>Chapter 25: West Bengal;<br/>Chapter 26: Bihar;<br/>Chapter 27: India and the world;<br/>Chapter 28: India in Asia;<br/>Chapter 29: The Indo—Pakistani conflict;<br/>Chapter 30: India and nuclear weapons;<br/>Chapter 31: India's evolving security strategy; <br/>Chapter 32: International migration and its consequences for India;<br/>Index
650 ## - SUBJECT ADDED ENTRY--TOPICAL TERM
Topical term or geographic name entry element 1. Politics & Government - India
700 ## - ADDED ENTRY--PERSONAL NAME
Personal name Singh Prema
--
942 ## - ADDED ENTRY ELEMENTS (KOHA)
Source of classification or shelving scheme Dewey Decimal Classification
Koha item type BOOKs
Holdings
Withdrawn status Lost status Damaged status Not for loan Home library Current library Shelving location Date acquired Cost, normal purchase price Total Checkouts Full call number Barcode Date last seen Price effective from Koha item type
      Not For Loan NLS NLS REFERENCE SECTION 30/05/2017 14084.00   320.954 KOH 31446 30/05/2017 30/05/2017 BOOKs